00638cam a22001697a 4500020002100000040000800021082002600029245006000055260007600115300004700191500014400238650001600382650001600398650001600414650001800430700002000448 a9251047618 (pbk) cFQG00a338 ROM 2002 A042 Or.00aWorld agriculture: towards 2015/2030 :bsummary report. aRome :bFood and Agriculture Organization of the United Nations,c2002. ax, 97 p. :bcol. ill., col. maps ;c30 cm. a"This summary document, which is derived from a full technical report under the same title, was prepared mainly by Paul Harrison"--P. viii. 0aFood supply 0aAgriculture 0aAgriculture 0aProduce trade1 aHarrison, Paul,